000 01026nam a2200325 i 4500
001 192643
003 SpMaBN
005 20250804062651.0
008 230517s2017 sp | |||| 000 f spa
017 _aM 32432-2017
_bOficina Depósito Legal Madrid
020 _a9788494793127
035 _a(OCoLC)1142924035
040 _aSpMaBN
_bspa
_cES-MaACL
_erda
080 _a821.134.2-31”19”
100 1 _aMerchán, Alberto
_eaut
_9176455
245 1 0 _aVanesamía /
_cAlberto Merchán
250 _aSegunda edición, diciembre 2017
264 1 _a[Madrid] :
_bEditorum,
_c2017
300 _a490 páginas ;
_c21 cm
336 _aTexto
_2rdacontent
337 _asin mediación
_2rdamedia
338 _avolumen
_2rdacarrier
500 _aÍndice
655 0 _aNovelas
_9234319
852 _aES-MaACL
_bR.152536
_jN-8271
_xDonación: Alberto Merchán
_cDEPOJ
_9199939
903 _9176455
_aMerchán, Alberto
_ednr
942 _n0
_cMONOGRAFIA
999 _c192643
_d192643